| 000 | 00742cam a22002531 4500 | ||
|---|---|---|---|
| 001 | 822 | ||
| 003 | BD-RjUL | ||
| 005 | 20211208233232.0 | ||
| 008 | 131123s1967 enkfc b 001 0 eng d | ||
| 035 | _a(BD-RjUL)842 | ||
| 035 | _a(OCoLC)1817247 | ||
| 040 |
_aDLC _cFMU _dUk _dDLC _beng |
||
| 041 | _aeng | ||
| 082 |
_a020.924 _216 _bMIP1967 |
||
| 100 | 1 |
_aMiller, Edward. _92452 |
|
| 245 | 1 | 0 |
_aPrince of librarians: _bthe life and times of Antonio Panizzi of the British Museum / |
| 260 |
_aLondon, _bDeutsch, _c1967 |
||
| 300 |
_a356 p. _b8 plates (incl. ports.) _c22cm. |
||
| 504 | _aBibliography: p. [335]-345. | ||
| 600 | 1 | 0 |
_aPanizzi, Anthony, _cSir, _d1797-1879. _94838 |
| 942 |
_2ddc _cBK |
||
| 999 |
_c822 _d822 |
||